000 00459nam a2200193Ia 4500
005 20240823020917.0
008 240823s9999||||xx |||||||||||||| ||und||
041 _aENGLISH
082 _A621.317 P5
100 _aPugazhendiran P
245 0 _aElectrical Drives and Control
250 _a1st
260 _c2005
_b"A R,Arapakkam,Tamil "
500 _aYES
650 _aDrives
_bElectrical
700 _a Elechezhiyan M
942 _cBK
999 _c175847
_d175847